书目信息 |
| 题名: |
对外直接投资统计基础读本
|
|
| 作者: | 高敏雪 编著 | |
| 分册: | ||
| 出版信息: | 北京 经济科学出版社 2005.02 |
|
| 页数: | 250页 | |
| 开本: | 21cm | |
| 丛书名: | ||
| 单 册: | ||
| 中图分类: | F830.593 | |
| 科图分类: | ||
| 主题词: | 对外投资:直接投资--统计--基本知识 | |
| 电子资源: | ||
| ISBN: | 7-5058-4769-4 | |
| 000 | 00824nam0 2200229 45 | |
| 001 | 192004004511 | |
| 005 | 20070914151528.95 | |
| 010 | @a7-5058-4769-4@dCNY18.00 | |
| 100 | @a20070604d2005 ekmy0chiy0121 ea | |
| 101 | 0 | @achi |
| 102 | @aCN@b110000 | |
| 105 | @aak a 000yy | |
| 200 | 1 | @a对外直接投资统计基础读本@Adui wai zhi jie tou zi tong ji ji chu du ben@f高敏雪等编著 |
| 210 | @a北京@c经济科学出版社@d2005.02 | |
| 215 | @a250页@c图@d21cm | |
| 320 | @a有书目 (第248-250页) | |
| 330 | @a本书是一本有关对外直接投资统计方面的书,它向读者介绍了对外投资的基本定义、对外直接投资统计实务、对外直接投资的国际经验以及中国结外直接投资的现状和未来这些内容。 | |
| 606 | 0 | @a对外投资:直接投资@x统计@x基本知识 |
| 690 | @aF830.593@v4 | |
| 701 | 0 | @a高敏雪@Agao min xue@4编著 |
| 801 | 0 | @aCN@c20070914 |
| 905 | @dF830.593@eG157 | |
| 对外直接投资统计基础读本/高敏雪等编著.-北京:经济科学出版社,2005.02 |
| 250页:图;21cm |
| ISBN 7-5058-4769-4:CNY18.00 |
| 本书是一本有关对外直接投资统计方面的书,它向读者介绍了对外投资的基本定义、对外直接投资统计实务、对外直接投资的国际经验以及中国结外直接投资的现状和未来这些内容。 |
| ● |
| 相关链接 |
|
|
|
正题名:对外直接投资统计基础读本
索取号:F830.593/G157
 
预约/预借
| 序号 | 登录号 | 条形码 | 馆藏地/架位号 | 状态 | 备注 |
| 1 | 616654 | 206166548 | 社科库409/409社科库 52排2列5层/ [索取号:F830.593/G157] | 在馆 | |
| 2 | 616655 | 206166557 | 社科库409/409社科库 52排2列5层/ [索取号:F830.593/G157] | 在馆 | |
| 3 | 616656 | 206166566 | 社科二线422/422社科库 8排2列1层/ [索取号:F830.593/G157] | 在馆 |